01059nam a2200253 i 4500001000300000003000400003005001700007008003900024015001700063020001500080020001500095040001400110080000700124245029600131246004000427250005700467260003300524300001600557650002700573700004400600700003200644710003200676856009700708bgBPK20160318122048.0970904s1988 pl f |000 0 pol aPB 1990/2359 a8321334334 a8321334458 aWA NcBPK a6900aWarunki techniczne wykonania i odbioru robót budowlano-montażowych.nT. 2,pInstalacje sanitarne i przemysłowe /c [red. Jadwiga Wójcik, Jolanta Rawdanowicz] ; Ministerstwo Gospodarki Przestrzennej i Budownictwa, Centralny Ośrodek Badawczo-Rozwojowy Techniki Instalacyjnej "Instal". aInstalacje sanitarne i przemysłowe a[Wyd. 3astan prawny na dzień 31 grudnia 1987 r.]. aWarszawa :b"Arkady",c1988. a123, [1] s. 4aBudownictwoxtechnika.1 aWójcik, Jadwigac(budownictwo).eRed.1 aRawdanowicz, Jolanta.eRed.2 aWydawnictwo "Arkady".4pbl. uhttp://koha.tu.koszalin.pl/cgi-bin/koha/opac-detail.pl?biblionumber=5920yKatalog online BPK